Normal view
MARC view
Entry Personal Name
001 - CONTROL NUMBER
- control field: 70023
003 - CONTROL NUMBER IDENTIFIER
- control field: dpl
005 - DATE AND TIME OF LATEST TRANSACTION
- control field: 20240814114014.0
008 - FIXED-LENGTH DATA ELEMENTS
- fixed length control field: 240814|| aca||aabn | a|a d
040 ## - CATALOGING SOURCE
- Original cataloging agency: dpl
- Transcribing agency: dpl
100 ## - HEADING--PERSONAL NAME
- Personal name: आर्य, भारत भूषण
670 ## - SOURCE DATA FOUND
- Source citation: Work cat.: (dpl)205029: आर्य, देवेन्द्र 70022, कितना बाँधोगे मुझे ?/, 2021
